Jackson and Powell on professional negligence (Record no. 101213)

MARC details
000 -LEADER
fixed length control field 02415cam a2200721 4500
008 - FIXED-LENGTH DATA ELEMENTS--GENERAL INFORMATION
fixed length control field 000000n2001 000 0 eng u
020 ## - INTERNATIONAL STANDARD BOOK NUMBER
International Standard Book Number 0421826002
035 ## - SYSTEM CONTROL NUMBER
System control number (Sirsi) u111224
041 ## - LANGUAGE CODE
Language code of text/sound track or separate title eng
050 ## - LIBRARY OF CONGRESS CALL NUMBER
Classification number 346.41032
-- 18
245 ## - TITLE STATEMENT
Title Jackson and Powell on professional negligence
250 ## - EDITION STATEMENT
Edition statement 5th ed.
260 ## - PUBLICATION, DISTRIBUTION, ETC.
Place of publication, distribution, etc. London
Name of publisher, distributor, etc. Sweet and Maxwell
Date of publication, distribution, etc. 2001
300 ## - PHYSICAL DESCRIPTION
Extent clxxvii, 1320p. $2 5cm.
350 ## - PRICE (NR) (BK AM CF MU VM SE) [OBSOLETE]
Price 225
490 ## - SERIES STATEMENT
Series statement Sweet and Maxwell Common Law Library
505 ## - FORMATTED CONTENTS NOTE
Formatted contents note The nature of professions
505 ## - FORMATTED CONTENTS NOTE
Formatted contents note Duties and obligations
505 ## - FORMATTED CONTENTS NOTE
Formatted contents note Remedies
505 ## - FORMATTED CONTENTS NOTE
Formatted contents note Contribution between defendants
505 ## - FORMATTED CONTENTS NOTE
Formatted contents note Defences
505 ## - FORMATTED CONTENTS NOTE
Formatted contents note Litigation
505 ## - FORMATTED CONTENTS NOTE
Formatted contents note Construction professionals
505 ## - FORMATTED CONTENTS NOTE
Formatted contents note Surveyors
505 ## - FORMATTED CONTENTS NOTE
Formatted contents note Solicitors
505 ## - FORMATTED CONTENTS NOTE
Formatted contents note Barristers
505 ## - FORMATTED CONTENTS NOTE
Formatted contents note Medical practitioners
505 ## - FORMATTED CONTENTS NOTE
Formatted contents note Financial practitioners
505 ## - FORMATTED CONTENTS NOTE
Formatted contents note Insurance brokers
505 ## - FORMATTED CONTENTS NOTE
Formatted contents note Accountants and auditors
505 ## - FORMATTED CONTENTS NOTE
Formatted contents note Members and managing agents at Lloyd's
505 ## - FORMATTED CONTENTS NOTE
Formatted contents note Information technology professionals
505 ## - FORMATTED CONTENTS NOTE
Formatted contents note Patent agents and trade mark attorneys
520 ## - SUMMARY, ETC.
Summary, etc. This classic text on professional negligence considers the duties of construction professionals and surveyors, liability for breaches of those duties and possible damages that can be awarded as a result. Case law.
650 ## - SUBJECT ADDED ENTRY--TOPICAL TERM
Topical term or geographic name entry element ACCOUNTANTS
650 ## - SUBJECT ADDED ENTRY--TOPICAL TERM
Topical term or geographic name entry element ARCHITECTS
650 ## - SUBJECT ADDED ENTRY--TOPICAL TERM
Topical term or geographic name entry element ENGINEERS
650 ## - SUBJECT ADDED ENTRY--TOPICAL TERM
Topical term or geographic name entry element INSURANCE BROKERS
650 ## - SUBJECT ADDED ENTRY--TOPICAL TERM
Topical term or geographic name entry element MEDICAL PRACTITIONERS
650 ## - SUBJECT ADDED ENTRY--TOPICAL TERM
Topical term or geographic name entry element NEGLIGENCE
650 ## - SUBJECT ADDED ENTRY--TOPICAL TERM
Topical term or geographic name entry element PROFESSIONAL NEGLIGENCE
650 ## - SUBJECT ADDED ENTRY--TOPICAL TERM
Topical term or geographic name entry element QUANTITY SURVEYORS
650 ## - SUBJECT ADDED ENTRY--TOPICAL TERM
Topical term or geographic name entry element SOLICITORS
650 ## - SUBJECT ADDED ENTRY--TOPICAL TERM
Topical term or geographic name entry element SURVEYORS
690 ## - LOCAL SUBJECT ADDED ENTRY--TOPICAL TERM (OCLC, RLIN)
Topical term or geographic name as entry element LAW
700 ## - ADDED ENTRY--PERSONAL NAME
Personal name Powell, John L.
International Standard Serial Number General Editor
700 ## - ADDED ENTRY--PERSONAL NAME
Personal name Stewart, Roger
International Standard Serial Number General Editor
700 ## - ADDED ENTRY--PERSONAL NAME
Personal name Cannon, Mark
International Standard Serial Number Editor
700 ## - ADDED ENTRY--PERSONAL NAME
Personal name Elkington, Ben
International Standard Serial Number Editor
700 ## - ADDED ENTRY--PERSONAL NAME
Personal name Evans, Hugh L.
International Standard Serial Number Editor
700 ## - ADDED ENTRY--PERSONAL NAME
Personal name Gibson, Christopher
International Standard Serial Number Editor
700 ## - ADDED ENTRY--PERSONAL NAME
Personal name Halpern, David
International Standard Serial Number Editor
700 ## - ADDED ENTRY--PERSONAL NAME
Personal name McPherson, Graeme
International Standard Serial Number Editor
700 ## - ADDED ENTRY--PERSONAL NAME
Personal name Mulcahy, Leigh-Ann
International Standard Serial Number Editor
700 ## - ADDED ENTRY--PERSONAL NAME
Personal name Sinclair, Fiona
International Standard Serial Number Editor
700 ## - ADDED ENTRY--PERSONAL NAME
Personal name Sutherland, Paul
International Standard Serial Number Editor
700 ## - ADDED ENTRY--PERSONAL NAME
Personal name Allen, Scott
International Standard Serial Number Assistant Editor
700 ## - ADDED ENTRY--PERSONAL NAME
Personal name Chapman, Graham
International Standard Serial Number Assistant Editor
700 ## - ADDED ENTRY--PERSONAL NAME
Personal name Mirchandani, Sian
International Standard Serial Number Assistant Editor
700 ## - ADDED ENTRY--PERSONAL NAME
Personal name Savage, Amanda
International Standard Serial Number Assistant Editor
700 ## - ADDED ENTRY--PERSONAL NAME
Personal name Jackson, Rupert Matthew
Titles and other words associated with a name Sir
Dates associated with a name 1948-
International Standard Serial Number Consultant Editor
942 ## - ADDED ENTRY ELEMENTS (KOHA)
Suppress in OPAC 0
Holdings
Withdrawn status Lost status Source of classification or shelving scheme Damaged status Not for loan Home library Current library Shelving location Date acquired Cost, normal purchase price Total Checkouts Full call number Barcode Date last seen Date last checked out Copy number Cost, replacement price Price effective from Koha item type
    Dewey Decimal Classification     London London Books 21/02/2002 225.00 2 346.41032 POW 30065396 06/08/2019 01/07/2005 1 225.00 06/08/2019 Reference material